000
00315nam a22001337a 4500
008
180201b xxu||||| |||| 00| 0 eng d
020
_a
9781422407103
041
_a
eng
080
_a
34
100
_a
14
101
_a
JUR
245
_a
Civil procedure cases, materials, and questions
_c
Freer,R.D
942
_2
udc
_c
BK
999
_c
41447
_d
41447